New Zealand Women and Men Cricketers- - Statistics

General Stats
  • This quiz has been taken 11 times
    6 since last reset
  • The average score is 9 of 19
Answers on the Grid
Answers color-coded by a green-red scale on the quiz's grid according to % correct below.
Tom Latham
Glenn Phillips
David Micheal
Eden Carson
Kate Anderson
Sophie Devine
Lauren Down
Sam Curran
Devon Conway
Lea Tahuhu
Amelia Kerr
Claudia Green
Xara Jetly
Matt Henry
Trent Boult
Maddy Green
Suzie Bates
Max Chu
Tim Southee
Emma Black
Will Young
Neil Wagner
Nensi Patel
Chris Gaffaney
Ish Sodhi
Bella Halliday
Thamsyn Newton
Kyle Jamie
 
Answer Stats
Answer % Correct
Glenn Phillips
100%
Lea Tahuhu
100%
Matt Henry
100%
Sophie Devine
100%
Tom Latham
100%
Amelia Kerr
50%
Devon Conway
50%
Eden Carson
50%
Ish Sodhi
50%
Kate Anderson
50%
Neil Wagner
50%
Suzie Bates
50%
Will Young
50%
Lauren Down
0%
Maddy Green
0%
Nensi Patel
0%
Thamsyn Newton
0%
Tim Southee
0%
Trent Boult
0%
No matching quizzes found
Score Distribution
Percent of People with Each Score
Percentile by Number Answered
Your Score History
You have not taken this quiz since the last reset